| 000 | 00000nas 2200000za 4500 |
| 001 | 9.500052 |
| 003 | CaOODSP |
| 005 | 20250403104639 |
| 007 | cr ||||||||||| |
| 008 | 150406d19992006oncmr p oss f0 b0fre|d |
| 022 | |a1481-5249 |
| 040 | |aCaOODSP|bfre |
| 041 | |aeng|afre |
| 043 | |an-cn--- |
| 086 | 1 |aCS35-003-PDF |
| 130 | 0 |aSawmills and planing mills (En ligne) |
| 222 | 0|aSawmills and planing mills |b(Online) |
| 245 | 10|aSawmills and planing mills |h[ressource électronique] = |bScieries et ateliers de rabotage. |
| 246 | 11|aScieries et ateliers de rabotage |
| 260 | |aOttawa : |bStatistics Canada = Statistique Canada, |c1999-2006. |
| 310 | |aMensuel |
| 362 | 0 |aVol. 53, no. 2 (fév. 1999)-v. 60, no. 8 (août 2006). |
| 520 | 3 |aPrésente des données sur la production, les livraisons et les stocks en main de bois sciés par essence dans les scieries et ateliers de rabotage au Canada. On y retrouve également les exportations canadiennes de bois par chemin de fer, camion ou par voie d'eau. |
| 546 | |aTexte en anglais et en français. |
| 691 | 07|aIndustrie du bois de construction|2gcpds |
| 710 | 2 |aStatistique Canada. |
| 780 | 00|tSawmills and planing mills |w(CaOODSP)9.863838 |
| 785 | 00|tScieries |w(CaOODSP)9.501539 |
| 791 | |tSawmills and planing mills |eeng|w(CaOODSP)9.500051 |